[Event "SLO-chT 15th"]
[Site "Bled"]
[Date "2005.11.29"]
[Round "5"]
[White "Roskar, Robert"]
[Black "Guid, Matej"]
[Result "1-0"]
[WhiteElo "2278"]
[BlackElo "2269"]
[PlyCount "55"]
[EventDate "2005.11.26"]
[EventType "team-tourn"]
[EventRounds "9"]
[EventCountry "SLO"]
[SourceTitle "CBM 109 Extra"]
[Source "ChessBase"]
[SourceDate "2006.01.03"]
[SourceVersion "2"]
[SourceVersionDate "2006.01.03"]
[SourceQuality "1"]
[WhiteTeam "Ptuj Veplas Velenje"]
[BlackTeam "Ljubljana Vidmar"]
[WhiteTeamCountry "SLO"]
[BlackTeamCountry "SLO"]

1. e4 c5 2. Nf3 d6 3. Bc4 Nf6 4. d3 Nc6 5. c3 e6 6. Bb3 Be7 7. 0-0 b5 8. Re1 d5 9. e5 Nd7 10. d4 a5 11. a3 Ba6 12. Nbd2 b4 13. Ba4 Qb6 14. Nf1 Bb5 15. Bxb5 Qxb5 16. Bg5 Bf8 17. a4 Qb6 18. c4 Nxd4 19. Nxd4 cxd4 20. cxd5 exd5 21. Ng3 Bc5 22. Qg4 Qe6 23. Nf5 Rg8 24. Bf6 g6 25. Nd6+ Kf8 26. Qg5 Rg7 27. Nb5 h6 28. Qxh6 1-0